Politics of Foreign Aid in Nepal, 1951-1980: (Record no. 190778)

MARC details
000 -LEADER
fixed length control field 00639nam a22001817a 4500
005 - DATE AND TIME OF LATEST TRANSACTION
control field 20220804155249.0
010 ## - LCCN (DPL NO)
LC control number ENG-134266
020 ## - INTERNATIONAL STANDARD BOOK NUMBER
International Standard Book Number 9788187392989
Terms of availability 695.00
035 ## - SYSTEM CONTROL NUMBER
System control number EN-117798
037 ## - SOURCE OF ACQUISITION
Source of stock number/acquisition DBAD/PUB
082 ## - DEWEY DECIMAL CLASSIFICATION NUMBER
Classification number 338.91095461
100 ## - MAIN ENTRY--PERSONAL NAME
Personal name Malla, Govinda
245 ## - TITLE STATEMENT
Title Politics of Foreign Aid in Nepal, 1951-1980:
Remainder of title A Study of Development Assistance from India, China, USA and USSR/
Statement of responsibility, etc Govinda Malla
260 ## - PUBLICATION, DISTRIBUTION, ETC. (IMPRINT)
Place of publication, distribution, etc New Delhi
Name of publisher, distributor, etc Adroit Publishers
Date of publication, distribution, etc 2012
270 ## - ADDRESS
Address 4675/21, Ganpati Bhawan, Ansari Road, Daryaganj
City New Delhi
Postal code 110002
300 ## - PHYSICAL DESCRIPTION
Extent xii, 268p.
Dimensions 23cm(hb)
942 ## - ADDED ENTRY ELEMENTS (KOHA)
Source of classification or shelving scheme Dewey Decimal Classification
Item type English Books
Classification part 324.254802
Call number suffix MAL
Holdings
Withdrawn status Lost status Not for loan Collection code Home library Current library Date acquired Source of acquisition Cost, normal purchase price Full call number Barcode Copy number Cost, replacement price Koha item type
      Non-fiction Bawana Bawana 04/08/2022 DBAD/PUB 695.00 324.254802 MAL EN-117798 1 695.00 English Books

© Delhi Public Library
Hit Counter
free hit counter